संस्कार मंदिराचा- मांगल्य कुंकवाचे (Record no. 389436)

MARC details
000 -LEADER
fixed length control field 00661nam a2200157Ia 4500
008 - FIXED-LENGTH DATA ELEMENTS--GENERAL INFORMATION
fixed length control field 100122s9999 xx 000 0 und d
082 ## - DEWEY DECIMAL CLASSIFICATION NUMBER
Item number 73495
Classification number 823
100 ## - MAIN ENTRY--PERSONAL NAME
Personal name अष्टीकर मंदाकिनी
245 ## - TITLE STATEMENT
Title संस्कार मंदिराचा- मांगल्य कुंकवाचे
250 ## - EDITION STATEMENT
Edition statement 1
260 ## - PUBLICATION, DISTRIBUTION, ETC. (IMPRINT)
Name of publisher, distributor, etc निशिगंधा प्रकाशन
Date of publication, distribution, etc 2008
300 ## - PHYSICAL DESCRIPTION
Extent 200
630 ## - SUBJECT ADDED ENTRY--UNIFORM TITLE
Uniform title संस्कार मंदिराचा- मांगल्य कुंकवाचे
730 ## - ADDED ENTRY--UNIFORM TITLE
Uniform title संस्कार मंदिराचा- मांगल्य कुंकवाचे
942 ## - ADDED ENTRY ELEMENTS (KOHA)
Koha item type Book
Holdings
Withdrawn status Lost status Damaged status Not for loan Home library Current library Date acquired Cost, normal purchase price Total Checkouts Full call number Barcode Date last seen Cost, replacement price Price effective from Koha item type Public note
        S.V. Pathak Library, Vile Parle S.V. Pathak Library, Vile Parle 03/31/2008 200.00   73495 SVPPARLE-73495 01/25/2010 200.00 01/25/2010 Book ", , ,"